000 01265nam a2200253 i 4500
001 163696
003 ES-MaACL
005 20231221194635.0
008 951113s1876 sp |||| | spa d
080 _a343.211
100 1 _aRöder, Karl David August.
_9132237
245 1 4 _aLas doctrinas fundamentales reinantes sobre el delito y la pena en sus interiores contradicciones :
_bensayo crítico preparatorio para la renovación del derecho penal /
_cCarlos David Augusto Röder ; traducido del alemán por Francisco Giner.
250 _a3ª ed., rev. y corr. por el autor y aum. con una memoria del mismo sobre la "Reforma del sistema penal español".
260 _aMadrid :
_bLibrería de Victoriano Suárez,
_c1876 (
_fImp. de J.M. Pérez)
300 _a366 p. ;
_c18 cm.
505 8 _aContiene: Reforma del sistema penal español mediante el régimen celular
530 _aDisponible en formato digital.
650 4 _aTeoría de la pena.
_9141747
650 _aDerecho penitenciario-
_zEspaña.
_9176229
700 1 _aGiner de los Ríos, Francisco,
_d1839-1915
_957122
852 _aES-MaACL
_jF-12598
_z- Enc. hol.
856 _uhttp://bdh-rd.bne.es/viewer.vm?id=0000113442&page=1
_zBiblioteca Digital Hispánica
999 _c163696
_d163696